ESSENTIALS OF LEASERS AND NONLINEAR OPTICS (Record no. 10046)
[ view plain ]
| 000 -LEADER | |
|---|---|
| fixed length control field | 00324nam a22001457a 4500 |
| 003 - CONTROL NUMBER IDENTIFIER | |
| control field | SGT |
| 082 ## - DEWEY DECIMAL CLASSIFICATION NUMBER | |
| Classification number | 535.58,BAR |
| 100 ## - MAIN ENTRY--PERSONAL NAME | |
| Personal name | BARUAH,G.D |
| 245 ## - TITLE STATEMENT | |
| Title | ESSENTIALS OF LEASERS AND NONLINEAR OPTICS |
| 250 ## - EDITION STATEMENT | |
| Edition statement | 1ST |
| 260 ## - PUBLICATION, DISTRIBUTION, ETC. (IMPRINT) | |
| Place of publication, distribution, etc | MEERUT |
| Name of publisher, distributor, etc | PRAGATI PRAKASHAN |
| Year of Publication | 2016 |
| 300 ## - PAGE DESCRIPTION | |
| No. of Pages | 273 |
| 650 ## - SUBJECT ADDED ENTRY--TOPICAL TERM | |
| Topical term or geographic name as entry element | PHYSICS |
| 942 ## - ADDED ENTRY ELEMENTS (KOHA) | |
| Source of classification or shelving scheme | Dewey Decimal Classification |
| Koha item type | FPS Books |
| 942 ## - ADDED ENTRY ELEMENTS (KOHA) | |
| -- | 2 |
| Withdrawn status | Lost status | Source of classification or shelving scheme | Damaged status | Not for loan | Collection code | Home library | Current library | Shelving location | Date acquired | Vendor Name | Cost, normal purchase price | SGTU | Bill Number | Total Checkouts | Full call number | Accession No. (Barcode) | Date last seen | Date last borrowed | Bill Date | Koha item type |
|---|---|---|---|---|---|---|---|---|---|---|---|---|---|---|---|---|---|---|---|---|
| Dewey Decimal Classification | SCIENCE | SGT Science & Social Sciences Library | SGT Science & Social Sciences Library | Text Book | 26/11/2016 | PRAGATI PRAKASHAN | 240.00 | SGTU | 7099 | 9 | 535.58,BAR | PS2815 | 07/10/2023 | 12/09/2023 | 26/09/2016 | FPS Books | ||||
| Dewey Decimal Classification | SCIENCE | SGT Science & Social Sciences Library | SGT Science & Social Sciences Library | Text Book | 26/11/2016 | PRAGATI PRAKASHAN | 240.00 | SGTU | 7099 | 3 | 535.58,BAR | PS2816 | 02/11/2019 | 09/10/2019 | 26/09/2016 | FPS Books | ||||
| Dewey Decimal Classification | SCIENCE | SGT Science & Social Sciences Library | SGT Science & Social Sciences Library | Text Book | 26/11/2016 | PRAGATI PRAKASHAN | 240.00 | SGTU | 7099 | 3 | 535.58,BAR | PS2817 | 02/11/2022 | 29/10/2022 | 26/09/2016 | FPS Books | ||||
| Dewey Decimal Classification | SCIENCE | SGT Science & Social Sciences Library | SGT Science & Social Sciences Library | Text Book | 26/11/2016 | PRAGATI PRAKASHAN | 240.00 | SGTU | 7099 | 3 | 535.58,BAR | PS2818 | 31/01/2020 | 25/01/2020 | 26/09/2016 | FPS Books |